Mi último suspiro

Kaydedildi:
Detaylı Bibliyografya
Yazar: Buñuel, Luis
Materyal Türü: Kitap
Dil:Undetermined
Baskı/Yayın Bilgisi: Barcelona, España Ediciones de Bolsillo 2001
Edisyon:2
Konular:
Etiketler: Etiketle
Etiket eklenmemiş, İlk siz ekleyin!

MARC

LEADER 00000nam a2200000Ia 4500
008 170316s9999 xx 000 0 und d
040 |a cru BVZT 
090 |a 862 B-26m 
100 |a Buñuel, Luis 
245 |a Mi último suspiro 
250 |a 2 
260 |a Barcelona, España 
260 |b Ediciones de Bolsillo 
260 |c 2001 
300 |a 304 páginas 
650 |a LITERATURA ESPAÑOLA 
650 |a MEMORIAS 
650 |a LUIS BUÑUEL 
650 |a JEAN-CLAUDE CARRIÈRE 
999 |c 9546  |d 9546 
942 |c 15 D  |h 862 B-26m  |2 z